000
00210nam a22001097a 4500
999
_c
153914
_d
153914
082
_a
_b
245
_a
PSC question bank/
260
_a
_b
Brilliance,
_c
2013.
300
_a
880p.
650
_a
942
_c
BK